000 00340nam a2200133Ia 4500
008 151001s9999||||xx |||||||||||||| ||und||
100 _aविजय झारी
245 _aमुस्लीम परिवेश
250 _a1
260 _bलिट्रेसी
260 _c2003
300 _a176
365 _b21
999 _c981078
_d981075